00596nam a2200145 a 450000100100000000500170001000800410002704000250006808200150009324501500010826000420025830000200030095201130032099900170043300003412820200930070810.0110926s1926 dr 000 0 spa d aDO-SdBNPbspacBNPHU axxxxbD61100aDiscurso pronunciado por el M. Y. canonigo M de J. Gonzalez :ben la misa solemne del domingo 30 con motivo de la fiesta del día de las madres. aSantiago, :bLa información,c1926. a20 p. ;c22 cm. 001050718RVaPDbPDcCTd2011-09-26iLF1l0oxxxx D611p34128-10r2020-06-25w2020-06-25y1ZNo se presta c33619d33619